Missing Word: Robert Downey, Jr. Quiz Stats

Quiz Updated Aug 31, 2012

Challenge
Share
Tweet
Embed
Score 0/22 Timer 02:00
0 Plays Today
Movie Title Missing Word % Correct
Sherlock _____Holmes
96.9%
Kiss Kiss _____ BangBang
91.8%
Tropic _____Thunder
88.3%
Good Night, and Good _____Luck
71.5%
Two _____ and a GuyGirls
62.8%
Natural Born _____Killers
62%
Home for the ____Holidays
58.4%
Weird _____Science
58.1%
_____ ManIron
54.6%
The Pick-Up _____Artist
47.5%
Only _____You
32.9%
Movie Title Missing Word % Correct
A _____ DarklyScanner
29.3%
Less Than _____Zero
28%
_____ BartlettCharlie
21.8%
U.S. _____Marshals
21.5%
The _____ DogShaggy
20.3%
Wonder _____Boys
19.2%
Air _____America
17.9%
Back to _____School
16.7%
A Guide to Recognizing Your _____Saints
10.5%
Heart and _____Souls
9.9%
The _____ DetectiveSinging
8.6%

Today's Daily Dose

Missing Word
1998 A-Z Movies

Word Ladder
5 Vowel Sounds

Quick Pick
Legal Terms

On This Day
June 25th II

You're not logged in!

Compare scores with friends on all Sporcle quizzes.
Join for Free
OR
Log In

You Might Also Like...

Show Comments

Extras

Top Quizzes Today


Score Distribution

Your Account Isn't Verified!

In order to create a playlist on Sporcle, you need to verify the email address you used during registration. Go to your Sporcle Settings to finish the process.

Report this User

Report this user for behavior that violates our Community Guidelines.

Details: